Cases In Marketing Management (Record no. 93589)
[ view plain ]
| 000 -LEADER | |
|---|---|
| fixed length control field | 00509nam a2200169Ia 4500 |
| 005 - DATE AND TIME OF LATEST TRANSACTION | |
| control field | 20230417141417.0 |
| 008 - FIXED-LENGTH DATA ELEMENTS--GENERAL INFORMATION | |
| fixed length control field | 230125s9999 xx 000 0 und d |
| 041 ## - LANGUAGE CODE | |
| Language code of text/sound track or separate title | eng |
| 082 ## - DEWEY DECIMAL CLASSIFICATION NUMBER | |
| Classification number | 658.8 |
| Item number | SOO |
| 100 ## - MAIN ENTRY--PERSONAL NAME | |
| Author | Sood A |
| 245 ## - TITLE STATEMENT | |
| Title | Cases In Marketing Management |
| 260 ## - PUBLICATION, DISTRIBUTION, ETC. | |
| Date of publication, distribution, etc. | 2009 |
| Name of publisher, distributor, etc. | Symbiosis centre for distance learning |
| Place of publication, distribution, etc. | Pune |
| 300 ## - PHYSICAL DESCRIPTION | |
| Extent | 696p |
| 500 ## - GENERAL NOTE | |
| Keywords | Case Studies in Marketing Management;Case Studies;Marketing Management |
| 700 ## - ADDED ENTRY--PERSONAL NAME | |
| Personal name | Sood A & Nandini Madan, Donor |
| 942 ## - ADDED ENTRY ELEMENTS (KOHA) | |
| Koha item type | Donated Book |
| Withdrawn status | Lost status | Damaged status | Not for loan | Home library | Current library | Date acquired | Vendor | Net Price | Full call number | Barcode | Date last seen | Actual Price | Bill Date | Koha item type | Original Barcode |
|---|---|---|---|---|---|---|---|---|---|---|---|---|---|---|---|
| Smt. Hiraben Nanavati Institute of Management & Research for Women | Smt. Hiraben Nanavati Institute of Management & Research for Women | 16/06/2015 | Donated Book- Outside Donar | 1.00 | 658.8 SOO DB1951 | HIMR-DB-1951 | 25/01/2023 | 1.00 | 25/01/2023 | Donated Book | DB1951 |